000 00804nam a2200217Ii 4500
003 JO-AjNU
008 230605s9999||||xx |||||||||||||| ||und||
017 _a2008/3/873
020 _a978-9957-24-364-7
040 _aJO-AjNU
_bara
_erda
_cJO-AjNU
041 _aara
050 1 4 _aRA790.A3.;4222 2009
100 3 _aالخالدي ، عطالله فؤاد/ م مشارك دلال سعد الدين العلمي,
_eauthor
_930944
245 0 0 _aالصحة النفسية وعلاقتها بالتكيف والتوافق
264 3 1 _aعمان:دار الصفاء للنشر ، 2009
300 _a278ص
336 _atext
_btxt
_2rdacontent
337 _aunmediated
_bn
_2rdamedia
338 _avolume
_bnc
_2rdacarrier
650 4 _aالصحة النفسية - سيكولوجية الشخصية
_930945
999 _aA12323
_c15891
_d15891